000 00988nam a2200241Ia 4500
003 IN-BaIIA
008 211028s9999 xx 000 0 eng d
020 _a1-56396-865-7
040 _cIIA Library
080 _a523.62-726(082.2)
_bSOL
111 _aInternational Solar Wind Conference on Solar Wind Nine
_n9
_cMassachusetts, U.S.A
_d1998
_923306
245 0 _aSolar wind nine
_bproceedings of the ninth international solar wind conference on solar wind nine, held in Massachusetts, U.S.A, October 1998
_cedited by Shadia Rifai Habbal…[et al.]
260 _aNew York
_bAmerican Institute of Physics
_c1999
300 _axxiv, 859p.
490 _aAIP conference proceedings; v. 471
650 _aCoronal plasma
_923307
650 _aSolar wind
_95747
700 _aEsser, Ruth, ed.
_923308
700 _aHabbal, Shadia Rifai, ed.
_923309
700 _aHollweg, Joseph V., ed.
_923310
700 _aIsenberg, Philip A., ed.
_923311
942 _cBK
999 _c13238
_d13238